[Event "CRO U20 1 liga"]
[Site "Cakovec"]
[Date "2020.07.16"]
[Round "5.18"]
[White "Vidovic, Dominik"]
[Black "Radenic, Filip"]
[Result "1/2-1/2"]
[WhiteElo "1526"]
[BlackElo "2134"]
[PlyCount "97"]
[EventDate "2020.??.??"]
[WhiteClock "1:30:00"]
[BlackClock "1:30:00"]

{[%evp 0,97,36,22,22,-30,9,-36,8,-18,47,-18,-33,-46,-59,-105,-77,-85,-42,-76,5,
-45,-60,-74,-72,-85,-30,-27,-2,-5,-5,-7,22,15,18,24,54,46,31,-45,34,1,44,47,75,
81,169,169,213,76,107,50,119,119,119,119,129,129,111,111,172,84,93,17,14,26,26,
26,18,12,18,22,20,11,16,11,16,12,24,24,84,23,24,0,28,16,19,25,25,19,19,19,2,19,
19,10,19,6,17,6]} 1. d4 Nf6 2. c4 e5 3. d5 a5 4. Nc3 Na6 5. Bg5 h6 6. Bh4 Bb4
7. Qc2 O-O 8. a3 Be7 9. Nf3 Nxd5 10. Bxe7 Nxe7 11. Nxe5 d6 12. Nd3 Nf5 13. e3
Qh4 14. g3 Qxc4 15. Nf4 Qc6 16. Bg2 Qe8 17. O-O c6 18. Rad1 d5 19. Rfe1 g5 20.
Nfe2 Ne7 21. e4 dxe4 22. Nxe4 f5 23. Nd6 Qg6 24. Nxc8 Raxc8 25. Rd7 Rc7 26. Nf4
gxf4 27. Rexe7 Rxd7 28. Rxd7 fxg3 29. hxg3 Rf7 30. Qc4 Kg7 31. Bxc6 bxc6 32.
Rxf7+ Qxf7 33. Qxa6 Qd5 34. Qb7+ Kg6 35. Qe7 a4 36. Qb4 Qd1+ 37. Kg2 Qd5+ 38.
Kg1 Qb5 39. Qd6+ Kh5 40. Qd1+ Kg5 41. f4+ Kg6 42. Qd6+ Kh5 43. Qd1+ Kg6 44.
Qd6+ Kf7 45. Qd7+ Kg6 46. Qd6+ Kg7 47. Qe7+ Kg6 48. Qd6+ Kh5 49. Qd1+ 1/2-1/2

[Event "CRO U20 1 liga"]
[Site "Cakovec"]
[Date "2020.07.16"]
[Round "5.19"]
[White "Troselj, Ivan"]
[Black "Vuk, Sebastijan"]
[Result "1-0"]
[WhiteElo "1857"]
[BlackElo "1367"]
[PlyCount "105"]
[EventDate "2020.??.??"]
[WhiteClock "1:30:00"]
[BlackClock "1:30:00"]

{[%evp 0,105,22,-13,-4,-28,4,-2,16,9,-3,-3,11,11,30,30,39,47,62,62,96,36,90,65,
65,65,71,75,118,121,121,85,68,86,89,10,80,93,64,20,4,-12,29,37,73,-189,-129,
-158,-139,-280,-11,-22,-7,-61,2,2,3,-67,32,32,59,39,39,15,15,-12,-5,4,2,-16,14,
14,41,6,34,-9,-9,-26,-32,0,-3,2,21,19,10,3,0,-31,20,-18,-10,-43,82,95,119,111,
124,111,184,180,245,251,251,260,410,520,520,554]} 1. c3 Nf6 2. d4 d5 3. Nf3 g6
4. Bf4 Bg7 5. e3 O-O 6. Bd3 Nc6 7. Nbd2 Bg4 8. h3 Bxf3 9. Nxf3 Nd7 10. O-O f6
11. Qb3 Nb6 12. e4 e5 13. dxe5 fxe5 14. Bg5 Bf6 15. Bxf6 Rxf6 16. exd5 Qxd5 17.
c4 Qf7 18. Ng5 Nd4 19. Qc3 Qe7 20. Rae1 Re8 21. c5 Rc6 22. b4 Qxg5 23. f4 Qd8
24. Be4 Rf6 25. cxb6 axb6 26. Bd3 Nc6 27. fxe5 Rxf1+ 28. Kxf1 Rf8+ 29. Kg1 Qd4+
30. Qxd4 Nxd4 31. Bc4+ Kg7 32. Rd1 Rd8 33. Rf1 Rf8 34. Rd1 Rd8 35. Kf2 Kf8 36.
Rd3 Ke7 37. b5 c5 38. bxc6 bxc6 39. Ra3 b5 40. Ra7+ Rd7 41. Rxd7+ Kxd7 42. Bg8
h6 43. Bf7 g5 44. Ke3 c5 45. Ke4 Kc6 46. Be8+ Kc7 47. Kd5 Kb6 48. e6 Nxe6 49.
Kxe6 Ka5 50. Kd5 Kb6 51. g4 b4 52. Kc4 Ka5 53. Kxc5 1-0

[Event "CRO U20 1 liga"]
[Site "Cakovec"]
[Date "2020.07.16"]
[Round "6.1"]
[White "Haidinger, Erik"]
[Black "Tomulic, Teo"]
[Result "0-1"]
[WhiteElo "1767"]
[BlackElo "2359"]
[PlyCount "66"]
[EventDate "2020.??.??"]
[WhiteClock "1:30:00"]
[BlackClock "1:30:00"]

{[%evp 0,66,58,5,44,44,88,62,66,-29,11,-12,18,2,20,19,8,8,8,8,15,3,-12,-5,-7,
-24,-31,-31,-39,-73,-77,-90,-100,-122,-104,-172,-107,-138,-140,-219,-236,-352,
-290,-272,-278,-278,-255,-203,-190,-421,-518,-524,-518,-573,-491,-580,-491,
-507,-507,-582,-580,-586,-586,-593,-657,-735,-773,-29995,-29996]} 1. d4 d5 2.
Bf4 c5 3. e3 Nc6 4. Nd2 cxd4 5. exd4 Nxd4 6. c3 Nc6 7. Bb5 a6 8. Bxc6+ bxc6 9.
Ngf3 e6 10. O-O Bd6 11. Bxd6 Qxd6 12. Re1 Nf6 13. Ne5 O-O 14. f4 c5 15. Re3 Bb7
16. Rh3 Rad8 17. g4 Ne4 18. g5 Nxg5 19. Rg3 f6 20. Qh5 d4 21. c4 fxe5 22. Qxg5
Rd7 23. Qxe5 Rxf4 24. Qh5 Qc6 25. Nf3 Rdf7 26. Rf1 Rxf3 27. Rgxf3 Rxf3 28. Rxf3
Qxf3 29. Qe8+ Qf8 30. Qxe6+ Kh8 31. Qe5 h6 32. b4 Qf3 33. Qe8+ Kh7 0-1

[Event "CRO U20 1 liga"]
[Site "Cakovec"]
[Date "2020.07.16"]
[Round "6.2"]
[White "Radenic, Filip"]
[Black "Sundac, Ivano"]
[Result "1-0"]
[WhiteElo "2134"]
[BlackElo "1408"]
[PlyCount "85"]
[EventDate "2020.??.??"]
[WhiteClock "1:30:00"]
[BlackClock "1:30:00"]

{[%evp 0,85,31,18,13,-26,-23,-30,3,33,12,-9,9,-5,10,-12,14,16,14,9,7,10,28,-30,
-9,-9,-9,-52,-48,-20,-13,-33,-33,-4,-7,34,13,7,6,-21,6,3,3,21,21,14,60,12,-9,
-82,-17,-62,-39,-40,26,9,17,-7,3,-112,-5,-38,60,-7,-7,-36,-6,-37,-32,-50,-21,
-33,-29,-68,4,-46,14,1,37,-34,19,41,19,11,75,84,128,128]} 1. Nf3 Nf6 2. c4 e6
3. g3 c5 4. Nc3 Nc6 5. Bg2 d5 6. cxd5 exd5 7. d4 Be7 8. O-O O-O 9. Bg5 Be6 10.
dxc5 Bxc5 11. Bxf6 Qxf6 12. Nxd5 Qxb2 13. Nc7 Rad8 14. Qc1 Qxc1 15. Raxc1 b6
16. Nxe6 fxe6 17. e3 h6 18. Rc4 Rf6 19. Re4 Kf7 20. h4 Kf8 21. g4 Ke7 22. g5
hxg5 23. hxg5 Rf5 24. Kh2 Bd6+ 25. Kh3 Rh8+ 26. Kg4 Ne5+ 27. Nxe5 Rxe5 28. Ra4
a5 29. e4 Bb4 30. a3 Bd2 31. f4 Rc5 32. e5 Rd8 33. Rf3 b5 34. Re4 b4 35. axb4
axb4 36. Rb3 Rb8 37. Kh5 Bc3 38. Kg6 Rcc8 39. Re2 Rh8 40. Ra2 Bd4 41. Ra6 Rhc8
42. Bh3 Rc3 43. Bxe6 1-0

[Event "CRO U20 1 liga"]
[Site "Cakovec"]
[Date "2020.07.16"]
[Round "6.3"]
[White "Tomljanovic, Ivano"]
[Black "Troselj, Ivan"]
[Result "1/2-1/2"]
[WhiteElo "1393"]
[BlackElo "1857"]
[PlyCount "57"]
[EventDate "2020.??.??"]
[WhiteClock "1:30:00"]
[BlackClock "1:30:00"]

{[%evp 0,57,27,31,75,63,63,46,87,87,78,79,76,32,51,38,45,45,9,-6,-6,-4,16,-16,
-5,-7,-7,-7,5,6,17,6,9,-3,-10,-19,-30,22,76,68,94,30,55,36,36,31,20,21,21,14,
23,13,20,13,45,15,16,8,21,11]} 1. e4 c6 2. d4 d5 3. exd5 cxd5 4. Nf3 Nc6 5. Bf4
Nf6 6. c3 Bg4 7. Nbd2 e6 8. Bb5 Bd6 9. Bg3 O-O 10. O-O Bh5 11. Qc2 Bg6 12. Bd3
Bxd3 13. Qxd3 Bxg3 14. hxg3 Rb8 15. Rab1 b5 16. b4 Qc7 17. Rfe1 Rfc8 18. Nb3
Ne4 19. Nc5 Nxc5 20. dxc5 Re8 21. Nd4 a6 22. Re2 Ne5 23. Rxe5 Qxe5 24. Nc6 Qc7
25. Nxb8 Rxb8 26. Re1 Rd8 27. Qd4 h6 28. f4 Qd7 29. a3 1/2-1/2

[Event "CRO U20 1 liga"]
[Site "Cakovec"]
[Date "2020.07.16"]
[Round "6.5"]
[White "Sos, Fran"]
[Black "Levacic, Matej"]
[Result "0-1"]
[WhiteElo "2024"]
[BlackElo "2040"]
[PlyCount "120"]
[EventDate "2020.??.??"]
[WhiteClock "1:30:00"]
[BlackClock "1:30:00"]

{[%evp 0,120,22,41,41,-22,-14,-21,5,-74,-58,-75,-75,-75,-34,-50,-21,-44,-23,2,
69,76,58,56,84,73,98,63,58,33,44,50,40,30,63,-7,6,-26,-26,-26,4,-58,-58,-60,
-22,-84,-45,-84,-50,-50,-68,-100,-56,-89,-99,-86,-88,-92,-78,-84,-71,-90,-90,
-101,-91,-98,-88,-115,-109,-130,-161,-124,-106,-106,-167,-174,-164,-194,-198,
-201,-178,-197,-180,-166,-166,-166,-135,-153,-107,-169,-155,-180,-135,-200,
-156,-158,-166,-178,-166,-175,-166,-177,-174,-170,-162,-170,-170,-174,-177,
-190,-202,-302,-281,-329,-316,-319,-292,-516,-659,-885,-885,-1098,-1157]} 1. d4
Nf6 2. c4 e6 3. Nc3 Bb4 4. f3 d5 5. a3 Bxc3+ 6. bxc3 c5 7. cxd5 Nxd5 8. dxc5
Qa5 9. e4 Nf6 10. Be3 O-O 11. Qb3 Nfd7 12. Nh3 Qc7 13. Be2 Nxc5 14. Qc2 e5 15.
Nf2 Be6 16. O-O b6 17. c4 Nc6 18. Nd3 Nxd3 19. Bxd3 Rfd8 20. Qc3 Rac8 21. Rac1
Na5 22. Rfd1 h6 23. Be2 Rxd1+ 24. Rxd1 Nxc4 25. Bxc4 Qxc4 26. Qxc4 Rxc4 27. Rc1
Ra4 28. Rc3 Kf8 29. Kf2 Ke7 30. Ke2 Kd6 31. Kd3 h5 32. g3 g6 33. f4 f6 34. h4
Bd7 35. fxe5+ fxe5 36. Bh6 Bc6 37. Bf8+ Kd7 38. Bg7 Bxe4+ 39. Ke3 Bf5 40. Kf3
Kd6 41. Re3 e4+ 42. Kf4 b5 43. Rc3 a5 44. Ke3 Kd5 45. Bf8 Rc4 46. Rb3 Kc6 47.
Bg7 b4 48. Bf6 Kb5 49. axb4 axb4 50. Be5 Ka4 51. Rb2 Ka3 52. Bf6 Rc6 53. Be5
Rc5 54. Bf6 Rd5 55. Ke2 Rd3 56. Kf2 b3 57. Be5 e3+ 58. Kf3 Bg4+ 59. Kf4 e2 60.
Rb1 Rd1 0-1

[Event "CRO U20 1 liga"]
[Site "Cakovec"]
[Date "2020.07.16"]
[Round "6.6"]
[White "Ljubicic, Mario"]
[Black "Kanizaj, Benjamin"]
[Result "1/2-1/2"]
[WhiteElo "1983"]
[BlackElo "1966"]
[PlyCount "150"]
[EventDate "2020.??.??"]
[WhiteClock "1:30:00"]
[BlackClock "1:30:00"]

{[%evp 0,150,22,2,54,84,86,86,87,91,65,91,120,91,102,97,87,81,91,46,63,31,39,
27,52,17,37,31,47,20,68,23,51,69,69,79,79,70,70,40,50,36,37,49,71,6,77,48,48,
48,51,16,9,9,9,-4,-14,-20,12,-1,16,-3,-2,12,32,13,24,25,26,0,7,-8,9,-10,82,-13,
8,7,25,-17,8,7,25,7,48,24,10,-32,-1,-6,64,71,71,63,77,75,102,143,143,143,143,
97,106,64,74,28,55,54,35,41,75,96,159,157,126,113,187,177,177,152,122,182,213,
100,120,77,71,63,73,35,35,1,118,120,140,135,137,126,162,109,118,76,66,55,55,46,
42,14,13,8,10,0,0]} 1. e4 c5 2. Nf3 d6 3. d4 cxd4 4. Nxd4 Nf6 5. Nc3 e6 6. Be2
Nc6 7. Be3 Be7 8. O-O Bd7 9. f4 O-O 10. Nb3 a6 11. a4 Nb4 12. Bf3 Bc6 13. Qe2
d5 14. e5 Nd7 15. Nd4 b6 16. Na2 Bb7 17. Nxb4 Bxb4 18. c3 Be7 19. b4 a5 20. Qb2
Qc7 21. Be2 Ba6 22. Nc6 Rfe8 23. Nxe7+ Rxe7 24. b5 Bb7 25. Bd4 Rc8 26. Qd2 Nc5
27. Ra3 Qd8 28. Bg4 Re8 29. g3 Qe7 30. Rfa1 Qc7 31. Qe3 Qd7 32. Rf1 Qe7 33. Ra2
g6 34. h4 h5 35. Bd1 Qc7 36. Rf3 Ne4 37. Be2 Nc5 38. Rf1 Ba8 39. Ra3 Qe7 40.
Ra2 Qc7 41. Ra3 Rb8 42. Rc1 Rec8 43. g4 Qe7 44. Bxc5 Qxc5 45. Qxc5 Rxc5 46.
gxh5 gxh5 47. Kf2 d4 48. Rg1+ Kf8 49. cxd4 Rc2 50. Rgg3 Rbc8 51. Ke1 Be4 52.
Bxh5 Rc1+ 53. Kf2 R8c2+ 54. Be2 Rh1 55. Rh3 Rb1 56. Rhc3 Rbb2 57. Rxc2 Rxc2 58.
Ke3 Bf5 59. Bd3 Bxd3 60. Rxd3 Rc4 61. Ke4 Rxa4 62. Rg3 Ra1 63. h5 Rh1 64. h6
Rxh6 65. Rc3 Rh2 66. Rc6 Rb2 67. Rxb6 a4 68. Ra6 Rxb5 69. Rxa4 Rb1 70. d5 Re1+
71. Kf3 exd5 72. Rd4 Ke7 73. Rxd5 f6 74. exf6+ Kxf6 75. Re5 Rxe5 1/2-1/2

[Event "CRO U20 1 liga"]
[Site "Cakovec"]
[Date "2020.07.16"]
[Round "6.7"]
[White "Borzan, Andrej"]
[Black "Bedic, Noemi"]
[Result "1-0"]
[WhiteElo "1983"]
[BlackElo "1712"]
[PlyCount "71"]
[EventDate "2020.??.??"]
[WhiteClock "1:30:00"]
[BlackClock "1:30:00"]

{[%evp 0,71,41,41,10,-21,38,44,53,66,66,55,47,47,37,-8,49,12,59,59,117,47,26,
34,77,53,53,33,23,-19,24,24,24,24,24,-38,8,-93,27,-41,8,2,62,-25,29,25,41,22,
30,4,63,23,60,97,97,109,99,119,119,98,316,319,398,418,454,421,537,521,1861,
1861,1861,29988,29989,29990]} 1. d4 Nf6 2. c4 g6 3. Nc3 Bg7 4. e4 d6 5. Nf3 O-O
6. Bg5 h6 7. Bh4 a5 8. Be2 Qe8 9. O-O e5 10. d5 g5 11. Bg3 Nh5 12. Nb5 Na6 13.
Nd2 Nf4 14. Bg4 f5 15. exf5 Bxf5 16. Bxf5 Rxf5 17. Qc2 Qd7 18. Ne4 h5 19. f3
Nb4 20. Qd2 Nbd3 21. Bf2 Nxf2 22. Rxf2 Bh6 23. Qc2 Raf8 24. Kh1 Kh8 25. Rd1 Qf7
26. Nexd6 cxd6 27. Nxd6 Qd7 28. Nxf5 Rxf5 29. c5 Nxd5 30. Qd2 e4 31. fxe4 Rxf2
32. Qxf2 Qg4 33. Rxd5 Qxe4 34. Rd8+ Kh7 35. Qf7+ Bg7 36. Qxh5+ 1-0

[Event "CRO U20 1 liga"]
[Site "Cakovec"]
[Date "2020.07.16"]
[Round "6.8"]
[White "Jaksic, Josip"]
[Black "Colev, Ivor"]
[Result "0-1"]
[WhiteElo "1616"]
[BlackElo "1901"]
[PlyCount "72"]
[EventDate "2020.??.??"]
[WhiteClock "1:30:00"]
[BlackClock "1:30:00"]

{[%evp 0,72,41,18,100,100,95,93,65,49,91,64,120,78,102,77,81,84,84,46,46,26,41,
33,52,25,35,44,44,33,42,60,101,8,16,26,29,15,38,28,51,86,38,25,70,0,122,78,160,
63,93,99,118,110,72,72,81,-7,55,14,41,2,80,54,60,57,28,-118,-93,-90,-90,-90,
-68,-74,-70]} 1. e4 c5 2. Nf3 d6 3. d4 cxd4 4. Nxd4 Nf6 5. Nc3 e6 6. Be2 Nc6 7.
Be3 Be7 8. O-O O-O 9. f4 Bd7 10. Nb3 a6 11. a4 b6 12. Bf3 Rb8 13. Qe2 Qc8 14.
Kh1 Rd8 15. g4 Be8 16. f5 Ne5 17. g5 Nfd7 18. Nd4 Nc5 19. Bg4 Bd7 20. f6 Bf8
21. Bh5 Bc6 22. Bf4 Ng6 23. Bg3 Bb7 24. Rae1 Qd7 25. Qf2 Rbc8 26. b4 Nd3 27.
cxd3 Rxc3 28. Re3 Rdc8 29. Kg1 Rc1 30. Bd1 R1c7 31. h4 Ne5 32. h5 Rc1 33. Ne2
Ng4 34. Qf3 Nxe3 35. Qxe3 R1c7 36. fxg7 Bxg7 0-1

[Event "CRO U20 1 liga"]
[Site "Cakovec"]
[Date "2020.07.16"]
[Round "6.9"]
[White "Alfirevic, Duje"]
[Black "Jambresic, Filip"]
[Result "1/2-1/2"]
[WhiteElo "1994"]
[BlackElo "2082"]
[PlyCount "64"]
[EventDate "2020.??.??"]
[WhiteClock "1:30:00"]
[BlackClock "1:30:00"]

{[%evp 0,64,20,11,100,47,100,77,77,64,95,53,58,36,89,67,112,78,84,65,52,99,116,
44,63,33,43,-2,9,-96,-69,-91,-91,-85,-116,-110,-51,-45,-51,-52,-60,-69,-76,
-140,-99,-65,-66,-66,-56,-119,-69,-77,-97,-97,-72,-96,-87,-75,-51,-51,5,55,55,
43,47,47,53]} 1. e4 c5 2. Nf3 e6 3. d4 cxd4 4. Nxd4 a6 5. Bd3 Nc6 6. Nxc6 bxc6
7. Nc3 Qc7 8. O-O d5 9. Re1 d4 10. Ne2 c5 11. Bc4 Nf6 12. Ng3 Bd6 13. Qf3 Bb7
14. Nh5 Bxh2+ 15. Kh1 Nxh5 16. Qxh5 Bd6 17. e5 Be7 18. Qg4 g6 19. Bh6 Bf8 20.
Bg5 Bg7 21. Qh4 O-O 22. Bf6 Bd5 23. Bxd5 exd5 24. g4 h6 25. Kg2 Bxf6 26. Qxf6
Qd8 27. Rh1 Qxf6 28. exf6 Kh7 29. f4 Rh8 30. Rxh6+ Kg8 31. Rxh8+ Kxh8 32. Re1
Rd8 1/2-1/2

[Event "CRO U20 1 liga"]
[Site "Cakovec"]
[Date "2020.07.16"]
[Round "6.10"]
[White "Karlusic, Luka"]
[Black "Dumancic, Simun"]
[Result "1/2-1/2"]
[WhiteElo "2159"]
[BlackElo "1920"]
[PlyCount "69"]
[EventDate "2020.??.??"]
[WhiteClock "1:30:00"]
[BlackClock "1:30:00"]

{[%evp 0,69,20,16,22,-14,44,43,45,74,75,58,56,56,69,61,87,51,73,21,25,35,80,52,
84,67,75,43,55,45,45,38,56,56,59,46,70,37,63,16,26,19,17,33,88,72,92,83,106,47,
55,55,55,19,19,-13,1,-13,4,-17,-21,-22,-14,-34,-53,-46,-28,-87,-66,-89,-59,-76]
} 1. d4 Nf6 2. c4 g6 3. Nc3 d5 4. cxd5 Nxd5 5. e4 Nxc3 6. bxc3 Bg7 7. Bc4 c5 8.
Ne2 O-O 9. O-O Nc6 10. Be3 Bg4 11. f3 Na5 12. Bd3 cxd4 13. cxd4 Be6 14. Rc1
Bxa2 15. Qa4 Be6 16. d5 Bd7 17. Qb4 b6 18. Rfd1 Rc8 19. Nc3 h6 20. Bf4 g5 21.
Bg3 Bxc3 22. Rxc3 Rxc3 23. Qxc3 Qc8 24. Qe5 Qc5+ 25. Bf2 Qa3 26. Bd4 f6 27. Qc7
Ba4 28. Bc2 Bxc2 29. Qxc2 Qb3 30. Qe2 Rc8 31. e5 fxe5 32. Bxe5 Qc2 33. Qxc2
Rxc2 34. Bb8 a6 35. Re1 1/2-1/2

[Event "CRO U20 1 liga"]
[Site "Cakovec"]
[Date "2020.07.16"]
[Round "6.11"]
[White "Sagovac, Kristijan"]
[Black "Mahecic, Lovre"]
[Result "0-1"]
[WhiteElo "1835"]
[BlackElo "1977"]
[PlyCount "110"]
[EventDate "2020.??.??"]
[WhiteClock "1:30:00"]
[BlackClock "1:30:00"]

{[%evp 0,110,22,11,36,26,59,15,43,47,17,-34,15,19,19,59,14,-1,30,-31,49,24,44,
25,55,8,62,-1,-1,10,8,16,16,18,18,9,20,5,42,0,29,11,15,-17,-16,-22,20,-3,-3,-1,
10,-39,7,-19,36,36,50,50,38,20,19,18,10,-11,-11,-11,-11,-31,-26,-41,-26,-42,
-42,-70,-42,-42,-31,-106,-105,-110,-105,-105,-84,-201,-219,-225,-273,-273,-245,
-258,-258,-258,-284,-284,-312,-312,-312,-312,-280,-280,-196,-223,-227,-267,
-315,-316,-386,-386,-381,-381,-381,-381,-381]} 1. e4 e5 2. Nf3 Nc6 3. Bc4 Bc5
4. c3 Nf6 5. d3 O-O 6. b4 Bb6 7. a4 a6 8. O-O h6 9. Be3 Ba7 10. Nbd2 d6 11. Qb3
Ne7 12. Rfe1 Ng6 13. b5 Bxe3 14. fxe3 axb5 15. axb5 Bg4 16. h3 Bxf3 17. Nxf3
Qd7 18. Kh2 Nh7 19. Rad1 Qe7 20. Rf1 Nf6 21. Rd2 Nd7 22. Rdf2 Nb6 23. g4 Nxc4
24. Qxc4 Kh7 25. Kg3 f6 26. h4 Qf7 27. Qxf7 Rxf7 28. h5 Nf8 29. g5 Re7 30. g6+
Kg8 31. c4 Ra3 32. Rd1 Re8 33. Rc2 Nd7 34. Kf2 Rea8 35. Ke2 Nc5 36. Ne1 Kf8 37.
Nf3 Rb3 38. Nh2 Raa3 39. Rcd2 Na4 40. Rf1 Nb2 41. Ng4 Nxd3 42. Nxf6 gxf6 43.
Rxf6+ Kg8 44. Rf7 Nc5 45. Rxc7 Rxe3+ 46. Kd1 Ra1+ 47. Kc2 Ra2+ 48. Kd1 Rxd2+
49. Kxd2 Rf3 50. b6 Rf4 51. Rh7 Rh4 52. Rxh6 Nxe4+ 53. Kd3 Nf6 54. g7 Kxg7 55.
Rg6+ Kf7 0-1

[Event "CRO U20 1 liga"]
[Site "Cakovec"]
[Date "2020.07.16"]
[Round "6.13"]
[White "Muha, Miljenko"]
[Black "Cotic, Borna"]
[Result "1/2-1/2"]
[WhiteElo "2310"]
[BlackElo "2049"]
[PlyCount "60"]
[EventDate "2020.??.??"]
[WhiteClock "1:30:00"]
[BlackClock "1:30:00"]

{[%evp 0,60,28,16,17,26,31,-14,0,-22,17,-53,-27,-58,17,18,18,4,24,14,2,5,14,
-12,21,17,26,15,18,28,41,32,32,30,12,18,46,36,35,11,38,39,39,39,32,6,63,-4,3,
-16,53,0,46,0,0,0,88,0,0,0,0,0,0]} 1. d4 d5 2. Nf3 Nf6 3. c4 e6 4. e3 Be7 5. b3
O-O 6. Bb2 b6 7. Bd3 Bb7 8. O-O Nbd7 9. Nbd2 c5 10. Rc1 Rc8 11. Qe2 Qc7 12.
cxd5 Nxd5 13. dxc5 Nxc5 14. Ne4 Qd8 15. Nxc5 Rxc5 16. Ne5 Rxc1 17. Rxc1 Bf6 18.
Rc4 Qd6 19. f4 Ba6 20. Ra4 Bxd3 21. Qxd3 Bxe5 22. Bxe5 Qc5 23. Bd4 Qc1+ 24. Kf2
Rc8 25. Rxa7 Nxf4 26. exf4 Qxf4+ 27. Ke2 Qg4+ 28. Kf2 Qf4+ 29. Ke2 Qg4+ 30. Kf2
Qf4+ 1/2-1/2

[Event "CRO U20 1 liga"]
[Site "Cakovec"]
[Date "2020.07.16"]
[Round "6.14"]
[White "Simunic, Krunoslav"]
[Black "Cvitan, Ena"]
[Result "0-1"]
[WhiteElo "2047"]
[BlackElo "2258"]
[PlyCount "26"]
[EventDate "2020.??.??"]
[WhiteClock "1:30:00"]
[BlackClock "1:30:00"]

{[%evp 0,26,28,27,27,30,30,-14,-16,-47,-3,-35,-12,-32,12,-7,-5,-289,-274,-289,
-254,-311,-335,-401,-386,-386,-315,-328,-336]} 1. d4 Nf6 2. Nf3 e6 3. c4 d5 4.
Bg5 dxc4 5. Qa4+ Nbd7 6. Qxc4 c5 7. e3 cxd4 8. Nxd4 Qa5+ 9. Nc3 Qxg5 10. Ncb5
Nd5 11. e4 Bb4+ 12. Nc3 Bxc3+ 13. bxc3 N5b6 0-1

[Event "CRO U20 1 liga"]
[Site "Cakovec"]
[Date "2020.07.16"]
[Round "6.15"]
[White "Ghersinich, Enrico"]
[Black "Baric, Marko"]
[Result "0-1"]
[WhiteElo "2299"]
[BlackElo "1831"]
[PlyCount "196"]
[EventDate "2020.??.??"]
[WhiteClock "0:03:57"]
[BlackClock "1:30:00"]

{[%evp 0,196,29,29,47,47,77,47,124,104,91,105,96,84,92,102,101,42,21,-36,19,17,
14,0,28,-147,-94,-278,-116,-171,-166,-163,-160,-169,-114,-116,-104,-123,-67,
-148,-148,-148,-136,-149,-148,-148,-137,-149,-145,-139,-139,-195,-169,-205,
-173,-236,-180,-183,-97,-108,-116,-94,-70,-113,-106,-114,-96,-96,-73,-91,-70,
-113,-50,-103,-68,-98,-53,-53,-53,-65,-24,-21,-1,-25,-1,-59,-47,-101,-97,-117,
-123,-150,-143,-143,-70,-67,-61,-92,-61,-99,-74,-61,-61,-45,-74,-97,-9,-13,20,
20,-12,-97,-97,-61,-61,-59,-59,-59,0,0,0,0,0,0,0,-54,0,-137,-68,-331,-319,-319,
-346,-356,-336,-369,-346,-372,-373,-377,-374,-392,-381,-398,-399,-405,-379,
-408,-395,-410,-409,-417,-415,-424,-423,-425,-429,-461,-464,-460,-458,-460,
-458,-473,-455,-549,-463,-538,-1009,-29991,-519,-824,-834,-29995,-576,-735,
-733,-29993,-29994,-29995,-29994,-29995,-516,-532,-634,-712,-471,-524,-597,
-605,-692,-1333,-1239,-1479,-1726,-1726,-1756,-29995,-29994]} 1. e4 c5 2. Nf3
Nc6 3. Nc3 g6 4. d4 cxd4 5. Nxd4 Bg7 6. Be3 Nf6 7. Bc4 O-O 8. f3 Qb6 9. Qd2
Nxe4 10. fxe4 Bxd4 11. Bxd4 Qxd4 12. Qe2 d6 13. h4 h5 14. Qd3 Bg4 15. Qxd4 Nxd4
16. Kd2 Nc6 17. Raf1 Rac8 18. Nd5 Be6 19. Be2 Bxd5 20. exd5 Ne5 21. Rf4 Kg7 22.
c4 a6 23. a4 e6 24. dxe6 fxe6 25. Rd4 Rc6 26. Ke3 Rb6 27. Rc1 Rb3+ 28. Rc3
Rxc3+ 29. bxc3 Rd8 30. c5 d5 31. Rb4 Rd7 32. Rb6 Kf6 33. c6 bxc6 34. Rxa6 c5
35. Bb5 Ng4+ 36. Kd2 Rc7 37. c4 Ke5 38. cxd5 Kxd5 39. Kc3 Ne5 40. Ra8 Nc6 41.
Rg8 Ne7 42. Rd8+ Ke5 43. a5 Nd5+ 44. Kc4 Ne3+ 45. Kd3 Nxg2 46. a6 Nf4+ 47. Kc4
Nd5 48. Rb8 Kd6 49. Be8 Ra7 50. Bb5 Rc7 51. Rd8+ Ke5 52. Be8 Ne3+ 53. Kb5 Nd5
54. Bxg6 c4 55. Bxh5 c3 56. Bg6 c2 57. Bxc2 Rxc2 58. a7 Rb2+ 59. Kc6 Rc2+ 60.
Kb7 Rb2+ 61. Kc6 Rc2+ 62. Kb5 Rb2+ 63. Kc4 Ra2 64. h5 Rxa7 65. Rh8 Rc7+ 66. Kd3
Rc3+ 67. Ke2 Rh3 68. Kf2 Nf6 69. h6 Ng4+ 70. Kg2 Rxh6 71. Rf8 Ne3+ 72. Kf3 Nd5
73. Ke2 Rh3 74. Re8 Kf5 75. Rd8 Ke4 76. Ra8 Rh2+ 77. Kf1 e5 78. Rf8 Kd4 79. Ra8
e4 80. Ra4+ Ke3 81. Ra3+ Kf4 82. Ra4 Rb2 83. Rd4 Ne3+ 84. Kg1 Nf5 85. Ra4 Kf3
86. Ra5 Nd4 87. Ra3+ e3 88. Kh1 Nf5 89. Kg1 Rc2 90. Rb3 Ke2 91. Rb5 Nd4 92. Rh5
Nf3+ 93. Kg2 Ne1+ 94. Kh1 Nd3 95. Rh2+ Kd1 96. Rh3 Nf2+ 97. Kg2 Nxh3+ 98. Kh1
Ng1 0-1

[Event "CRO U20 1 liga"]
[Site "Cakovec"]
[Date "2020.07.16"]
[Round "6.16"]
[White "Cecic-Sule, Dino"]
[Black "Purini, Bruno"]
[Result "0-1"]
[WhiteElo "1695"]
[BlackElo "2017"]
[PlyCount "100"]
[EventDate "2020.??.??"]
[WhiteClock "1:30:00"]
[BlackClock "1:30:00"]

{[%evp 0,100,29,27,31,27,28,15,27,34,66,58,69,60,62,36,43,-5,9,-22,270,-30,298,
73,44,59,67,21,44,21,19,7,25,25,25,13,14,6,26,24,49,49,72,31,44,24,21,2,2,2,2,
5,34,27,39,22,23,28,-21,-21,-22,-45,-45,-48,-1,-1,-27,-27,-20,-34,-34,-30,-29,
-39,-50,-70,-46,-42,-40,-31,-25,-25,-44,-23,-194,-359,-628,-628,-221,-1040,
-991,-1040,-1200,-1182,-1182,-1255,-1332,-1173,-1918,-1918,-1934,-963,-1934]} 
1. d4 d5 2. Nf3 Nf6 3. Bf4 e6 4. e3 b6 5. Bd3 Bb7 6. Nbd2 Bd6 7. Ne5 O-O 8. Bg5
c5 9. c3 Be7 10. f4 Nfd7 11. Bxe7 Qxe7 12. O-O Ba6 13. Bxa6 Nxa6 14. Qe2 Nc7
15. Rf3 c4 16. e4 f6 17. Nxd7 Qxd7 18. Rh3 b5 19. Rf1 dxe4 20. Nxe4 g6 21. g4
Rae8 22. g5 Nd5 23. Nxf6+ Nxf6 24. gxf6 Rxf6 25. Re3 Qd6 26. Re5 a6 27. d5 Kf7
28. Kg2 Rd8 29. dxe6+ Rxe6 30. Qf3 Qc6 31. Qxc6 Rd2+ 32. Rf2 Rxf2+ 33. Kxf2
Rxc6 34. h4 Rd6 35. Ke2 Re6 36. Kf3 Rxe5 37. fxe5 Ke6 38. Ke4 h6 39. Kd4 g5 40.
hxg5 hxg5 41. Ke4 a5 42. a3 a4 43. Kd4 g4 44. Ke4 g3 45. Kf3 Kxe5 46. Kxg3 Ke4
47. Kf2 Kd3 48. Ke1 Kc2 49. Ke2 Kxb2 50. Kd2 Kb3 0-1

[Event "CRO U20 1 liga"]
[Site "Cakovec"]
[Date "2020.07.16"]
[Round "6.17"]
[White "Damjanovic, Stjepan"]
[Black "Topalic, Fran"]
[Result "1-0"]
[WhiteElo "1867"]
[BlackElo "1741"]
[PlyCount "65"]
[EventDate "2020.??.??"]
[WhiteClock "1:30:00"]
[BlackClock "1:30:00"]

{[%evp 0,65,29,29,68,54,81,69,87,60,26,31,25,-2,38,21,30,-13,51,13,23,-4,-12,
-44,8,-27,11,-7,-15,-16,16,-16,57,48,76,-11,27,9,41,23,43,43,34,65,70,68,55,41,
49,27,35,32,12,0,9,-10,17,1,93,68,197,197,515,515,1393,29994,29995,29996]} 1.
e4 c6 2. d4 d5 3. exd5 cxd5 4. Bd3 Nc6 5. c3 Nf6 6. Ne2 e6 7. Bf4 Bd6 8. Na3
O-O 9. O-O a6 10. Rc1 b5 11. Bb1 Na5 12. Qd3 Bxf4 13. Nxf4 g6 14. Qe3 Qd6 15.
Nd3 Kg7 16. Ne5 Nc6 17. f4 Qc7 18. Nc2 a5 19. Qh3 Ba6 20. Ne3 h5 21. Qg3 Ne4
22. Bxe4 dxe4 23. f5 Nxe5 24. f6+ Kh7 25. dxe5 Rfd8 26. Kh1 Rd3 27. Qg5 Qc5 28.
Rfe1 Rad8 29. g4 Rxe3 30. Rxe3 Rd5 31. gxh5 Rxe5 32. hxg6+ fxg6 33. Rh3+ 1-0